You have a brain / (Record no. 10076)

MARC details
000 -LEADER
fixed length control field 03330cam a22005537i 4500
001 - CONTROL NUMBER
control field 19254704
003 - CONTROL NUMBER IDENTIFIER
control field GBCCL
005 - DATE AND TIME OF LATEST TRANSACTION
control field 20241126110725.0
008 - FIXED-LENGTH DATA ELEMENTS--GENERAL INFORMATION
fixed length control field 160830t20152015miu d b 000 0deng d
010 ## -
-- 2016449248
020 ## - INTERNATIONAL STANDARD BOOK NUMBER
International Standard Book Number 9780310745990
Qualifying information (hardcover)
020 ## - INTERNATIONAL STANDARD BOOK NUMBER
International Standard Book Number 0310745993
Qualifying information (hardcover)
020 ## - INTERNATIONAL STANDARD BOOK NUMBER
Canceled/invalid ISBN 9780310745488
Qualifying information ebook
035 ## - SYSTEM CONTROL NUMBER
System control number (OCoLC)ocn882191550
040 ## - CATALOGING SOURCE
Original cataloging agency BTCTA
Language of cataloging eng
Transcribing agency BTCTA
Description conventions rda
Modifying agency BDX
-- OCP
-- CLE
-- JQM
-- OCLCF
-- AHS
-- OCL
-- YDXCP
-- DLC
042 ## -
-- lccopycat
050 00 -
-- RD592.9.C37
-- A3 2015
082 04 - DEWEY DECIMAL CLASSIFICATION NUMBER
Classification number 617.48092
Edition information 23
Item number CAR
100 1# - MAIN ENTRY--PERSONAL NAME
Personal name Carson, Ben,
Relator term author.
9 (RLIN) 17488
245 10 - TITLE STATEMENT
Title You have a brain /
Statement of responsibility, etc. Ben Carson, MD, with Gregg Lewis & Deborah Shaw Lewis.
246 14 -
-- You have a brain :
-- a teen's guide to T.H.I.N.K. B.I.G.
264 #1 - PRODUCTION, PUBLICATION, DISTRIBUTION, MANUFACTURE, AND COPYRIGHT NOTICE
Place of production, publication, distribution, manufacture Grand Rapids, Michigan :
Name of producer, publisher, distributor, manufacturer Zondervan,
Date of production, publication, distribution, manufacture, or copyright notice [2015]
264 #4 - PRODUCTION, PUBLICATION, DISTRIBUTION, MANUFACTURE, AND COPYRIGHT NOTICE
Date of production, publication, distribution, manufacture, or copyright notice ©2015
300 ## - PHYSICAL DESCRIPTION
Extent 231 pages ;
Dimensions 22 cm
336 ## - CONTENT TYPE
Content type term text
Content type code txt
Source rdacontent
337 ## - MEDIA TYPE
Media type term unmediated
Media type code n
Source rdamedia
338 ## - CARRIER TYPE
Carrier type term volume
Carrier type code nc
Source rdacarrier
500 ## - GENERAL NOTE
General note "Includes discussion questions"--Cover.
504 ## - BIBLIOGRAPHY, ETC. NOTE
Bibliography, etc. note Includes bibliographical references.
505 0# - FORMATTED CONTENTS NOTE
Formatted contents note The amazing brain -- Think beyond the can -- Gone -- How we got smart -- Bookworm -- Taming my temper -- Expanding my options -- The smartest choice -- Off to college -- The challenge: medical school -- Becoming a neurosurgeon -- More twins -- Mother's influence -- Talent -- Honesty -- Insight -- Nice -- Knowledge -- Books -- In-depth learning -- God -- Think big -- Appendix: personal talent assessment.
520 ## - SUMMARY, ETC.
Summary, etc. Throughout his life, renowned neurosurgeon Dr. Benjamin Carson has needed to overcome many obstacles: his father leaving the family, being considered stupid by his classmates in grade school, growing up in inner-city Detroit, and having a violent temper. But Dr. Carson didn't let his circumstances control him and instead discovered eight principles that helped shape his future... Dr. Carson unpacks the eight important parts of Thinking Big: Talent, Honesty, Insight, being Nice, Knowledge, Books, In-Depth learning, and God, and presents the stories of people who demonstrated those things in his life. By applying the idea of THINK BIG to your life, and by looking at those around you as well, you too can overcome obstacles and work toward achieving your dreams--
Assigning source Source other than the Library of Congress.
600 10 - SUBJECT ADDED ENTRY--PERSONAL NAME
Personal name Carson, Ben.
9 (RLIN) 17488
600 17 - SUBJECT ADDED ENTRY--PERSONAL NAME
Personal name Carson, Ben.
Source of heading or term fast
Authority record control number or standard number (OCoLC)fst00263884
9 (RLIN) 17488
650 #0 - SUBJECT ADDED ENTRY--TOPICAL TERM
Topical term or geographic name entry element Success.
9 (RLIN) 1179
650 #0 - SUBJECT ADDED ENTRY--TOPICAL TERM
Topical term or geographic name entry element Academic achievement.
9 (RLIN) 17489
650 #0 - SUBJECT ADDED ENTRY--TOPICAL TERM
Topical term or geographic name entry element Neurosurgeons
Geographic subdivision United States
Form subdivision Biography.
9 (RLIN) 17490
650 #0 - SUBJECT ADDED ENTRY--TOPICAL TERM
Topical term or geographic name entry element African American surgeons
Form subdivision Biography.
9 (RLIN) 17491
650 #7 - SUBJECT ADDED ENTRY--TOPICAL TERM
Topical term or geographic name entry element Academic achievement.
Source of heading or term fast
Authority record control number or standard number (OCoLC)fst00794949
9 (RLIN) 17489
650 #7 - SUBJECT ADDED ENTRY--TOPICAL TERM
Topical term or geographic name entry element African American surgeons.
Source of heading or term fast
Authority record control number or standard number (OCoLC)fst00799383
9 (RLIN) 17492
650 #7 - SUBJECT ADDED ENTRY--TOPICAL TERM
Topical term or geographic name entry element Neurosurgeons.
Source of heading or term fast
Authority record control number or standard number (OCoLC)fst01036549
9 (RLIN) 17493
650 #7 - SUBJECT ADDED ENTRY--TOPICAL TERM
Topical term or geographic name entry element Success.
Source of heading or term fast
Authority record control number or standard number (OCoLC)fst01137041
9 (RLIN) 1179
651 #7 - SUBJECT ADDED ENTRY--GEOGRAPHIC NAME
Geographic name United States.
Source of heading or term fast
Authority record control number or standard number (OCoLC)fst01204155
9 (RLIN) 1622
655 #7 - INDEX TERM--GENRE/FORM
Genre/form data or focus term Biography.
Source of term fast
Authority record control number or standard number (OCoLC)fst01423686
9 (RLIN) 5066
700 1# - ADDED ENTRY--PERSONAL NAME
Personal name Lewis, Gregg,
Dates associated with a name 1951-
Relator term author.
9 (RLIN) 5347
700 1# - ADDED ENTRY--PERSONAL NAME
Personal name Lewis, Deborah Shaw,
Dates associated with a name 1951-
Relator term author.
9 (RLIN) 17494
906 ## - LOCAL DATA ELEMENT F, LDF (RLIN)
a 7
b cbc
c copycat
d 2
e ncip
f 20
g y-gencatlg
942 ## - ADDED ENTRY ELEMENTS (KOHA)
Source of classification or shelving scheme Dewey Decimal Classification
Koha item type Books
Holdings
Withdrawn status Lost status Source of classification or shelving scheme Damaged status Not for loan Home library Current Library Shelving location Date acquired Total checkouts Total renewals Full call number Barcode Date last seen Date last checked out Copy number Price effective from Koha item type
    Dewey Decimal Classification     GRACE BIBLE COLLEGE GRACE BIBLE COLLEGE General Studies 2024-02-29 2 8 617.48092 CAR 016537 2025-09-16 2025-06-04 c.1 2024-02-29 Books
© Grace Bible College Library 2025